[Event "Berlin-ch Seniors op 31st"]
[Site "Berlin"]
[Date "2015.02.06"]
[Round "8"]
[White "Koppatsch, Juergen"]
[Black "Rabe, Karl Heinz"]
[Result "0-1"]
[WhiteElo "1140"]
[BlackElo "1100"]
[PlyCount "144"]
[EventDate "2015.01.29"]
[EventType "swiss"]
[EventRounds "9"]
[EventCountry "GER"]
[SourceTitle "EXT 2018"]
[Source "ChessBase"]
[SourceDate "2017.10.13"]
[SourceVersion "1"]
[SourceVersionDate "2017.10.13"]
[SourceQuality "1"]

1. e4 e5 2. Bc4 Nf6 3. Nc3 Nc6 4. a3 d6 5. h3 Bd7 6. Nf3 Be7 7. d3 a6 8. Ng5 0-0 9. Ne2 Qe8 10. 0-0 Bd8 11. f4 h6 12. Nf3 Be6 13. fxe5 dxe5 14. Ba2 Bxa2 15. Rxa2 Be7 16. Be3 Rd8 17. Qe1 b6 18. Qg3 Bc5 19. Nh4 Nh5 20. Qf3 f6 21. Nf5 Rd7 22. Bxc5 bxc5 23. Neg3 Nxg3 24. Qxg3 Nd4 25. Nxh6+ Kh8 26. Qe3 gxh6 27. Qxh6+ Rh7 28. Qd2 Qf7 29. Raa1 Rg8 30. Kh1 Ne6 31. Rf3 Nf4 32. Rg1 Rg6 33. Kh2 Qg7 34. Qf2 Qg8 35. b3 Qf8 36. h4 Rg4 37. g3 Ng6 38. Rg2 Nxh4 39. gxh4 Rhxh4+ 40. Qxh4+ Rxh4+ 41. Kg1 Qh6 42. a4 Rh1+ 43. Kf2 Rh2 44. Rfg3 Qd2+ 45. Kg1 Rxg2+ 46. Rxg2 Qd1+ 47. Kf2 Qxc2+ 48. Ke3 Qxb3 49. Rh2+ Kg7 50. Rg2+ Kf7 51. Rh2 Qxa4 52. Rh7+ Kg6 53. Rxc7 Qa3 54. Rc8 Kg7 55. Rc7+ Kg6 56. Rc8 Qc1+ 57. Ke2 Qc2+ 58. Ke3 a5 59. Rg8+ Kf7 60. Ra8 Qc3 61. Ra7+ Kg6 62. Ke2 Qb4 63. Rc7 a4 64. Rc8 a3 65. Ra8 Qb2+ 66. Ke3 a2 67. Ra5 a1Q 68. Rxa1 Qxa1 69. Kd2 f5 70. exf5+ Kxf5 71. Ke3 Qd4+ 72. Kd2 e4 0-1

[Event "Berlin-ch Seniors op 31st"]
[Site "Berlin"]
[Date "2015.02.03"]
[Round "5"]
[White "Timm, Christian"]
[Black "Koppatsch, Juergen"]
[Result "1-0"]
[WhiteElo "1456"]
[BlackElo "1140"]
[PlyCount "91"]
[EventDate "2015.01.29"]
[EventType "swiss"]
[EventRounds "9"]
[EventCountry "GER"]
[SourceTitle "EXT 2018"]
[Source "ChessBase"]
[SourceDate "2017.10.13"]
[SourceVersion "1"]
[SourceVersionDate "2017.10.13"]
[SourceQuality "1"]

1. e4 e5 2. Nf3 Nc6 3. Bb5 Nf6 4. 0-0 a6 5. Ba4 Be7 6. Re1 0-0 7. Bxc6 bxc6 8. Nxe5 Bb7 9. d3 Bd6 10. Nf3 Bb4 11. c3 Ba5 12. Bg5 h6 13. Bh4 g5 14. Bg3 Nh5 15. Nbd2 Nxg3 16. hxg3 Bb6 17. Qb3 d5 18. d4 Kh7 19. Qc2 Kg7 20. e5 Bc8 21. Nf1 Be6 22. Ne3 Qd7 23. Nh2 f6 24. f4 gxf4 25. gxf4 fxe5 26. fxe5 c5 27. Rad1 Rf7 28. Qe2 cxd4 29. cxd4 c5 30. Nf3 a5 31. Qf2 Kf8 32. Qh4 Kg7 33. Kh1 cxd4 34. Nxd4 Rh8 35. Nxe6+ Qxe6 36. Qg4+ Qg6 37. Qxg6+ Kxg6 38. Nxd5 Bf2 39. Re2 Ba7 40. e6 Rf5 41. Ne7+ Kf6 42. Nxf5 Kxf5 43. e7 Rg8 44. e8Q Rg5 45. Rf1+ Kg4 46. Re4+ 1-0

[Event "Berlin-ch Seniors op 30th"]
[Site "Berlin"]
[Date "2014.02.04"]
[Round "6"]
[White "Koppatsch, Juergen"]
[Black "Gnass, Erhard"]
[Result "1-0"]
[WhiteElo "1134"]
[BlackElo "1377"]
[PlyCount "59"]
[EventDate "2014.01.30"]
[EventType "swiss"]
[EventRounds "9"]
[EventCountry "GER"]
[SourceTitle "EXT 2018"]
[Source "ChessBase"]
[SourceDate "2017.10.13"]
[SourceVersion "1"]
[SourceVersionDate "2017.10.13"]
[SourceQuality "1"]

1. e4 e5 2. Bc4 Nf6 3. Nc3 Be7 4. Nf3 d6 5. d3 c6 6. a3 0-0 7. 0-0 Nbd7 8. Be3 Nb6 9. Ba2 Bg4 10. h3 Bxf3 11. Qxf3 d5 12. d4 exd4 13. Bxd4 dxe4 14. Qe3 Nbd5 15. Qe1 Nxc3 16. Bxc3 Re8 17. Rd1 Qb6 18. Rd2 Rad8 19. Re2 Bf8 20. Bb3 c5 21. Ba5 Qc6 22. Bxd8 Rxd8 23. c4 b6 24. Bc2 Re8 25. Qd1 Nd7 26. Rfe1 f5 27. Ba4 Qc7 28. Bxd7 Re7 29. Bxf5 Rf7 30. Be6 1-0

[Event "Berlin-ch Seniors op 30th"]
[Site "Berlin"]
[Date "2014.02.01"]
[Round "3"]
[White "Koppatsch, Juergen"]
[Black "Bolle, Dietrich"]
[Result "0-1"]
[WhiteElo "1134"]
[BlackElo "1371"]
[PlyCount "78"]
[EventDate "2014.01.30"]
[EventType "swiss"]
[EventRounds "9"]
[EventCountry "GER"]
[SourceTitle "EXT 2018"]
[Source "ChessBase"]
[SourceDate "2017.10.13"]
[SourceVersion "1"]
[SourceVersionDate "2017.10.13"]
[SourceQuality "1"]

1. e4 c5 2. Bc4 d6 3. Nf3 Nc6 4. Ng5 Ne5 5. Qe2 e6 6. d3 Be7 7. Nf3 Nxc4 8. dxc4 Nf6 9. Nc3 0-0 10. 0-0 Bd7 11. Bf4 e5 12. Be3 Qc7 13. Bg5 Bc6 14. Rad1 Rfd8 15. Rd3 Ne8 16. Bc1 a6 17. a4 Qc8 18. Ne1 f5 19. Nd5 Bxd5 20. cxd5 f4 21. g3 Bg5 22. Ng2 Nf6 23. gxf4 exf4 24. Bxf4 Bxf4 25. Nxf4 Ng4 26. Ne6 Ne5 27. Rg3 Rd7 28. f4 Ng6 29. f5 Ne5 30. Qg2 Qe8 31. Rxg7+ Kh8 32. Rf4 Qxe6 33. Rxd7 Qxd7 34. Kf2 Rg8 35. Qh3 Qxa4 36. Qc3 Qd4+ 37. Qe3 Rg2+ 38. Kf1 Qxe3 39. Kxg2 Qxf4 0-1

[Event "Berlin-ch Seniors op 30th"]
[Site "Berlin"]
[Date "2014.01.31"]
[Round "2"]
[White "Freihube, Manfred"]
[Black "Koppatsch, Juergen"]
[Result "1-0"]
[WhiteElo "1511"]
[BlackElo "1134"]
[PlyCount "55"]
[EventDate "2014.01.30"]
[EventType "swiss"]
[EventRounds "9"]
[EventCountry "GER"]
[SourceTitle "EXT 2018"]
[Source "ChessBase"]
[SourceDate "2017.10.13"]
[SourceVersion "1"]
[SourceVersionDate "2017.10.13"]
[SourceQuality "1"]

1. d4 d5 2. Nf3 Nf6 3. c4 c5 4. cxd5 Qxd5 5. Nc3 Qd8 6. d5 Qb6 7. e4 e6 8. e5 Nxd5 9. Bb5+ Nc6 10. Bc4 Nxc3 11. bxc3 Qc7 12. Bf4 Be7 13. 0-0 h6 14. Re1 a6 15. Bg3 b5 16. Bd5 0-0 17. Be4 Rd8 18. Qe2 Bb7 19. Bc2 c4 20. Qe4 g6 21. Qe3 Kh7 22. Bf4 h5 23. Ng5+ Bxg5 24. Bxg5 Rd7 25. Bf6 Ne7 26. Qg5 Kg8 27. Qh6 Nf5 28. Qh8# 1-0

[Event "Berlin-ch Seniors op 30th"]
[Site "Berlin"]
[Date "2014.01.30"]
[Round "1"]
[White "Koppatsch, Juergen"]
[Black "Engelhardt, Erhard"]
[Result "0-1"]
[WhiteElo "1134"]
[BlackElo "1674"]
[PlyCount "118"]
[EventDate "2014.01.30"]
[EventType "swiss"]
[EventRounds "9"]
[EventCountry "GER"]
[SourceTitle "EXT 2018"]
[Source "ChessBase"]
[SourceDate "2017.10.13"]
[SourceVersion "1"]
[SourceVersionDate "2017.10.13"]
[SourceQuality "1"]

1. e4 e6 2. Nc3 d5 3. exd5 exd5 4. Nf3 Bg4 5. Be2 c6 6. d4 Bd6 7. h3 Bh5 8. Be3 Nd7 9. a3 Ne7 10. b4 0-0 11. Ng5 Bxe2 12. Nxe2 h6 13. Nf3 Nf5 14. Qd3 Nxe3 15. fxe3 Re8 16. 0-0 Qe7 17. Kf2 Nf6 18. Rae1 Ne4+ 19. Kg1 Qc7 20. c4 Qe7 21. c5 Bc7 22. Nf4 Qd7 23. Nd2 f5 24. Nxe4 fxe4 25. Qd1 Bxf4 26. Rxf4 Rf8 27. Rg4 Rf6 28. Rf1 Raf8 29. Rxf6 Rxf6 30. Qe1 Qf7 31. Qe2 Kh7 32. Qe1 g6 33. h4 Rf5 34. Qe2 Qf6 35. Qe1 h5 36. Rg5 Rxg5 37. hxg5 Qxg5 38. Qf2 Qf5 39. Qh4 Qf7 40. Qg3 Kh6 41. Qh2 Qf6 42. Qg3 Qg5 43. Qf2 Kg7 44. Qe2 Qg3 45. Qc2 g5 46. Qe2 Kg6 47. Qc2 h4 48. Qf2 Qxf2+ 49. Kxf2 Kf5 50. Kg1 Kg4 51. Kh2 h3 52. a4 hxg2 53. Kxg2 Kh4 54. a5 a6 55. Kh2 g4 56. Kg2 g3 57. Kh1 Kh3 58. Kg1 g2 59. b5 axb5 0-1

[Event "Berlin-ch Seniors op 27th"]
[Site "Berlin"]
[Date "2011.02.05"]
[Round "8"]
[White "Koppatsch, Juergen"]
[Black "Legler, Roland"]
[Result "0-1"]
[WhiteElo "1038"]
[BlackElo "1466"]
[PlyCount "99"]
[EventDate "2011.01.29"]
[EventType "swiss"]
[EventRounds "9"]
[EventCountry "GER"]
[SourceTitle "EXT 2012"]
[Source "ChessBase"]
[SourceDate "2011.11.24"]
[SourceVersion "1"]
[SourceVersionDate "2011.11.24"]
[SourceQuality "1"]

1. e4 c5 2. Nc3 d6 3. Bc4 Nc6 4. a3 g6 5. Nf3 e6 6. d3 Bg7 7. Bd2 Nge7 8. Rb1 a6 9. Ne2 0-0 10. Bg5 b5 11. Bb3 Qc7 12. Qc1 Ne5 13. Neg1 N7c6 14. Bh6 Qa5+ 15. Bd2 Qb6 16. Ba2 a5 17. Be3 Qa6 18. Qd2 Rb8 19. Bh6 Nxf3+ 20. Nxf3 Ne5 21. Bxg7 Nxf3+ 22. gxf3 Kxg7 23. Rg1 Bb7 24. Rg3 d5 25. h4 c4 26. h5 dxe4 27. h6+ Kg8 28. Qc3 f6 29. dxe4 Rbd8 30. Ke2 Qb6 31. b3 b4 32. axb4 axb4 33. Qe3 Qxe3+ 34. Kxe3 c3 35. Rgg1 Rd2 36. Rbc1 Ba6 37. Bb1 Rfd8 38. Rge1 g5 39. f4 Kf7 40. fxg5 fxg5 41. Rg1 Re2+ 42. Kf3 Kg6 43. Rg2 Rf8+ 44. Kg3 Rxe4 45. Rd1 Bb7 46. Rgg1 Bd5 47. Rdf1 Ref4 48. Rd1 Rg4+ 49. Kh3 Rh4+ 50. Kg3 0-1

[Event "Berlin-ch Seniors op 27th"]
[Site "Berlin"]
[Date "2011.02.03"]
[Round "6"]
[White "Koppatsch, Juergen"]
[Black "Koeckeritz, Dieter"]
[Result "0-1"]
[WhiteElo "1038"]
[BlackElo "1530"]
[PlyCount "106"]
[EventDate "2011.01.29"]
[EventType "swiss"]
[EventRounds "9"]
[EventCountry "GER"]
[SourceTitle "EXT 2012"]
[Source "ChessBase"]
[SourceDate "2011.11.24"]
[SourceVersion "1"]
[SourceVersionDate "2011.11.24"]
[SourceQuality "1"]

1. e4 e5 2. Nf3 Nf6 3. Nc3 Nc6 4. Bc4 Be7 5. d3 d6 6. h3 0-0 7. a3 a6 8. b4 b5 9. Bb3 Nd4 10. Ba2 Be6 11. Nd5 Nxd5 12. exd5 Bd7 13. Nh2 Nf5 14. c4 Bf6 15. Rb1 Nd4 16. 0-0 Be7 17. Be3 Nf5 18. Re1 Nxe3 19. Rxe3 f5 20. f3 Bg5 21. Re2 Bf4 22. Nf1 Bh6 23. Nh2 Qg5 24. Qc2 Rac8 25. Rf1 Qg3 26. Rff2 Bf4 27. Nf1 Qg5 28. Bb1 Rf6 29. Qa2 Rg6 30. Qc2 Bg3 31. Nxg3 Qxg3 32. Kf1 f4 33. Ke1 Qh4 34. Kd1 Qf6 35. Qc3 Rg5 36. Rd2 Kh8 37. Rfe2 Qf8 38. Qc2 Qe8 39. Qc3 c6 40. Qb3 bxc4 41. dxc4 cxd5 42. cxd5 Ba4 43. Bc2 Bxb3 44. Bxb3 Rf5 45. Rb2 Rf7 46. Ke1 Rfc7 47. Kd2 Qd8 48. Re1 Rc3 49. Re2 Qb6 50. Re4 Qf2+ 51. Re2 Qd4+ 52. Ke1 Rc1+ 53. Bd1 Rxd1# 0-1

[Event "Berlin-ch Seniors op 26th"]
[Site "Berlin"]
[Date "2010.02.17"]
[Round "9"]
[White "Geist, Wolfgang"]
[Black "Koppatsch, Juergen"]
[Result "1-0"]
[WhiteElo "1438"]
[BlackElo "1025"]
[PlyCount "91"]
[EventDate "2010.02.09"]
[EventType "swiss"]
[EventRounds "9"]
[EventCountry "GER"]
[SourceTitle "EXT 2012"]
[Source "ChessBase"]
[SourceDate "2011.11.24"]
[SourceVersion "1"]
[SourceVersionDate "2011.11.24"]
[SourceQuality "1"]

1. Nf3 Nc6 2. d4 e6 3. c3 Nf6 4. e3 a6 5. Bd3 d5 6. 0-0 h6 7. Nbd2 Bd6 8. Re1 e5 9. e4 0-0 10. exd5 Nxd5 11. Nxe5 Nce7 12. Ndf3 b5 13. a3 Bg4 14. Nxg4 Qd7 15. Nfe5 Qc8 16. Qf3 f6 17. Ng6 Rf7 18. c4 bxc4 19. Bxc4 c6 20. Nxe7+ Bxe7 21. Bd3 Ra7 22. Bf5 Qc7 23. Be6 Bd6 24. Bxf7+ Kxf7 25. g3 Qd7 26. b4 Bc7 27. Bb2 Bd6 28. Ne3 Ne7 29. Nc4 Kg8 30. Nxd6 Qxd6 31. Re2 Kf8 32. Rae1 Qd8 33. Qh5 Rc7 34. Qc5 Kf7 35. Bc1 Rd7 36. Bf4 Nc8 37. Re8 Qb6 38. Qf8+ Kg6 39. Rxc8 Rxd4 40. Be3 c5 41. Bxd4 cxd4 42. Qc5 Qb7 43. Rc7 Qb8 44. Rd7 Qa8 45. Qxd4 Qc6 46. Qg4+ 1-0

[Event "Berlin-ch Seniors op 26th"]
[Site "Berlin"]
[Date "2010.02.14"]
[Round "6"]
[White "Koppatsch, Juergen"]
[Black "Prinz, Tade"]
[Result "0-1"]
[WhiteElo "1025"]
[BlackElo "1552"]
[PlyCount "72"]
[EventDate "2010.02.09"]
[EventType "swiss"]
[EventRounds "9"]
[EventCountry "GER"]
[SourceTitle "EXT 2012"]
[Source "ChessBase"]
[SourceDate "2011.11.24"]
[SourceVersion "1"]
[SourceVersionDate "2011.11.24"]
[SourceQuality "1"]

1. e4 Nc6 2. Bc4 Nf6 3. Nc3 e5 4. a3 a6 5. Nf3 Bc5 6. d3 h6 7. h3 d6 8. 0-0 Bd7 9. Ne2 b5 10. Bd5 Bb6 11. Bd2 Rb8 12. b4 Ne7 13. Bb3 g5 14. g4 Ng6 15. Qc1 Qc8 16. Nh2 Nf4 17. Nxf4 gxf4 18. c4 Bd4 19. Rb1 c5 20. cxb5 axb5 21. Kg2 Rg8 22. f3 Ke7 23. Qc2 h5 24. Qd1 hxg4 25. fxg4 Nxg4 26. hxg4 Bxg4 27. Nxg4 Rxg4+ 28. Kf3 Rg3+ 29. Ke2 Qg4+ 30. Ke1 Qh3 31. Bc2 Rg2 32. Qf3 Qh2 33. Bxf4 exf4 34. Bb3 Be5 35. Rc1 Rb2 36. bxc5 Qd2# 0-1

[Event "Berlin-ch Seniors op 26th"]
[Site "Berlin"]
[Date "2010.02.11"]
[Round "3"]
[White "Koppatsch, Juergen"]
[Black "Hesselbarth, Karlheinz"]
[Result "0-1"]
[WhiteElo "1025"]
[BlackElo "1643"]
[PlyCount "64"]
[EventDate "2010.02.09"]
[EventType "swiss"]
[EventRounds "9"]
[EventCountry "GER"]
[SourceTitle "EXT 2012"]
[Source "ChessBase"]
[SourceDate "2011.11.24"]
[SourceVersion "1"]
[SourceVersionDate "2011.11.24"]
[SourceQuality "1"]

1. e4 c5 2. Bc4 Nc6 3. c3 e6 4. Nf3 d5 5. exd5 exd5 6. Bb5 Bd6 7. 0-0 Nge7 8. Re1 0-0 9. d3 Qc7 10. h3 Bd7 11. Bg5 f6 12. Be3 Rae8 13. Ba4 Rf7 14. Nbd2 g5 15. Nf1 Ng6 16. Bb3 Nce7 17. a4 Kh8 18. Bc2 Rg8 19. d4 b6 20. b3 h6 21. Bd3 Qc8 22. N3h2 Rh7 23. c4 h5 24. dxc5 bxc5 25. cxd5 g4 26. Nd2 gxh3 27. gxh3 Nf4+ 28. Kh1 Nxd3 29. Re2 Bxh3 30. Nhf3 Bg2+ 31. Kg1 Bxf3+ 32. Kf1 Qh3# 0-1

[Event "Berlin-ch Seniors op 26th"]
[Site "Berlin"]
[Date "2010.02.09"]
[Round "1"]
[White "Schenn, Andreas"]
[Black "Koppatsch, Juergen"]
[Result "1-0"]
[WhiteElo "1669"]
[BlackElo "1025"]
[PlyCount "129"]
[EventDate "2010.02.09"]
[EventType "swiss"]
[EventRounds "9"]
[EventCountry "GER"]
[SourceTitle "EXT 2012"]
[Source "ChessBase"]
[SourceDate "2011.11.24"]
[SourceVersion "1"]
[SourceVersionDate "2011.11.24"]
[SourceQuality "1"]

1. e4 e5 2. Nf3 Nc6 3. d4 d5 4. Nxe5 dxe4 5. Nxc6 bxc6 6. Bc4 Bd6 7. c3 Nf6 8. h3 h6 9. 0-0 0-0 10. Be3 Qe7 11. b4 a6 12. Re1 Bb7 13. a4 Qd7 14. a5 Rae8 15. Na3 Re7 16. Nc2 Qf5 17. Qe2 Ra8 18. Bd2 Nd5 19. Ne3 Qe6 20. Nf1 Kh8 21. Qh5 f5 22. Bxd5 Qxd5 23. Ne3 Qf7 24. Qxf5 Bf4 25. Qxf7 Rxf7 26. Nc4 Re8 27. Bxf4 Rxf4 28. Ne5 Kh7 29. g3 Rf6 30. Re3 Bc8 31. Kg2 Bf5 32. Rae1 Ree6 33. g4 Bg6 34. Nxg6 Kxg6 35. Rxe4 Rd6 36. f4 Rd8 37. f5+ Kh7 38. Re7 Rc8 39. R1e6 Rxe6 40. Rxe6 Ra8 41. Rxc6 Ra7 42. Kf3 Kg8 43. Ke4 Kf7 44. Ke5 Ke7 45. d5 Kf7 46. h4 Ke7 47. g5 h5 48. f6+ Kf7 49. fxg7 Kxg7 50. Rh6 Ra8 51. Rxh5 Re8+ 52. Kd4 Ra8 53. Rh6 Ra7 54. Rc6 Kf7 55. h5 Kg7 56. Kc5 Kh7 57. d6 cxd6+ 58. Kxd6 Kg8 59. Rc7 Ra8 60. Kc6 Rf8 61. Kb7 Rf5 62. Rc5 Rf3 63. Kxa6 Rh3 64. h6 Kh7 65. b5 1-0

[Event "Berlin-ch Seniors op 25th"]
[Site "Berlin"]
[Date "2009.02.13"]
[Round "2"]
[White "Joch, Horst"]
[Black "Koppatsch, Juergen"]
[Result "1-0"]
[WhiteElo "1653"]
[BlackElo "977"]
[PlyCount "59"]
[EventDate "2009.02.12"]
[EventType "swiss"]
[EventRounds "9"]
[EventCountry "GER"]
[SourceTitle "EXT 2022"]
[Source "ChessBase"]
[SourceDate "2021.10.06"]
[SourceVersion "1"]
[SourceVersionDate "2021.10.06"]
[SourceQuality "1"]

1. e4 e5 2. Nf3 Nc6 3. Bc4 Bc5 4. c3 Nf6 5. d3 d6 6. a4 a5 7. h3 h6 8. 0-0 0-0 9. Nh2 Kh7 10. Nd2 g6 11. Nb3 Bb6 12. Kh1 Ng8 13. f4 Qe7 14. Nf3 Bd7 15. fxe5 dxe5 16. Nbd2 f5 17. b3 f4 18. Bd5 Rf6 19. Nc4 Bc5 20. Bxc6 Rxc6 21. Nfxe5 Rf6 22. Nxd7 Qxd7 23. Rxf4 Rxf4 24. Bxf4 b6 25. d4 Be7 26. Qg4 Qe8 27. Bxc7 Nf6 28. Qf3 Bd8 29. e5 Nd7 30. Qxa8 1-0